| 000 | 01531nam a2200337 a 4500 | ||
|---|---|---|---|
| 001 | ebr10621307 | ||
| 003 | CaPaEBR | ||
| 006 | m u | ||
| 007 | cr cn||||||||| | ||
| 008 | 120531s2013 njuad sb 001 0 eng d | ||
| 010 | _z 2012020575 | ||
| 020 | _z9780470074701 (hardback) | ||
| 020 | _z9781118437629 (e-book) | ||
| 040 |
_aCaPaEBR _cCaPaEBR |
||
| 035 | _a(OCoLC)797970067 | ||
| 050 | 1 | 4 |
_aQD541 _b.I56 2013eb |
| 082 | 0 | 4 |
_a541/.3723 _223 |
| 245 | 0 | 0 |
_aIonic liquids uncoiled _h[electronic resource] : _bcritical expert overviews / _cedited by Natalia V. Plechkova, Kenneth R. Seddon. |
| 260 |
_aHoboken, N.J. : _bWiley, _c2013. |
||
| 300 |
_axx, 413 p. : _bill. |
||
| 504 | _aIncludes bibliographical references and index. | ||
| 520 |
_a"The book presents articles on topics at the forefront of ionic liquids research range from applied to theoretical, from synthetic to analytical, from biotechnology to electrochemistry, from process engineering to nanotechnology"-- _cProvided by publisher. |
||
| 533 |
_aElectronic reproduction. _bPalo Alto, Calif. : _cebrary, _d2011. _nAvailable via World Wide Web. _nAccess may be limited to ebrary affiliated libraries. |
||
| 650 | 0 | _aIonic solutions. | |
| 650 | 0 | _aIonic structure. | |
| 655 | 7 |
_aElectronic books. _2local |
|
| 700 | 1 | _aPlechkova, Natalia V. | |
| 700 | 1 |
_aSeddon, Kenneth R., _d1950- |
|
| 710 | 2 | _aebrary, Inc. | |
| 856 | 4 | 0 |
_uhttp://site.ebrary.com/lib/rucke/Doc?id=10621307 _zAn electronic book accessible through the World Wide Web; click to view |
| 999 |
_c56803 _d56803 |
||